Statistiques concernant UEFA Euro 2016

Cliquez ici pour prendre le quiz!

Statistiques générales

  • Ce quiz a été pris 11 262 fois
  • Le résultat moyen est 21 sur 24

Statistiques - réponses

GroupeÉquipe% Correct
AFrance
100%
FPortugal
98%
DEspagne
97%
CAllemagne
96%
EItalie
96%
BAngleterre
94%
ASuisse
94%
EIrlande
93%
EBelgique
92%
ESuède
91%
BRussie
89%
ARoumanie
89%
CPologne
88%
FIslande
88%
DCroatie
86%
AAlbanie
82%
FAutriche
81%
FHongrie
80%
CUkraine
78%
BSlovaquie
75%
BPays de Galles
75%
DTurquie
74%
DRépublique tchèque
73%
CIrlande du Nord
63%

Distribution des résultats

Percentile par nombre de réponses

% des personnes avec chaque résultat

Votre développement - résultats

Vous n’avez pas pris ce quiz